000 00678nam a2200217Ia 4500
003 IT-RoPAU
005 20220918175454.0
008 120407s9999 xx 000 0 und d
040 _aIT-RoPAU
040 _cIT-RoPAU
041 _aita
245 _aPolitica in Italia. I fatti dell’anno e le interpretazioni
250 _aBologna
260 _aIl Mulino
300 _c cm
490 _v1
600 _a"Edizioni anni: 1986, 1987, 1988, 1989, 1990, 1991, 1992, 1993, 1994, 1995, 1996, 1997, 1998, 1999. 2000. "
_934572
710 _aIstituto Carlo Cattaneo
_934573
942 _cBK
_2ddc
999 _c13770
_d13770